| 000 | 00769nam a22002297a 4500 | ||
|---|---|---|---|
| 999 |
_c2922 _d2922 |
||
| 003 | AR-CdUCM | ||
| 008 | 190305b ||||| |||| 00| 0 spa d | ||
| 040 |
_aMUNICIPALIDAD PROVINCIAL DEL CUSCO _cBIBLIOTECA MUNICIPAL DEL CUSCO |
||
| 082 |
_a869.56 / _bM36 |
||
| 100 |
_aMedina Velásquez, Manuel _910036 |
||
| 245 | _aReligión de agua / | ||
| 260 |
_aPerú : _bArteidea editores E.I.R.L., _c1997. |
||
| 300 |
_a41 páginas ; _c20 cm. |
||
| 500 | _aGanador del primer lugar en el XII Concurso Literario del Norte Peruano. | ||
| 650 |
_aPoesía - Perú _910037 |
||
| 650 |
_aPoetas peruanos _91611 |
||
| 650 |
_aPoesía contemporánea _93298 |
||
| 650 |
_aSiglo XX _98 |
||
| 710 |
_aMunicipalidad Córdova Salinas _910038 |
||
| 942 |
_2ddc _cLIBROS |
||
| 945 | _alccs | ||